000 00458nam a2200169Ia 4500
008 230917s9999||||xx |||||||||||||| ||und||
020 _cRS 1495.00
040 _e5006274
_aMAIN
041 _aEnglish
082 _a362.29 A67H
100 _aArora, Manju
245 0 _aHandbook of drugs and sports
260 _aNew Delhi
_bFriends Publications (India)
_c2018
300 _a280 p.
500 _a4202 22/12/2021 FP22/1332 04/01/2022 Main Budget
942 _cBK
999 _c3620
_d3620